000 01408nam a2200385 i 4500
001 5527
003 KOSZ 005
005 20190729103327.0
008 970510s1993 pl a f f |001 0 pol
015 _aPB 1993/6245
020 _a8301106646
035 _a(OCoLC)749219508
040 _aWA N
_cWA N
_dKOSZ 005/EG
041 1 _apol
_heng
046 _k1993
080 _a535
080 _a(075.8)
100 1 _aLuneburg, Rudolf Karl
_d(1903-1949).
_eAutor
245 1 0 _aMatematyczna teoria optyki /
_cR. K. Luneburg ; [przedm. Emil Wolf ; uzupełnienia Max Herzberger ; z ang. tł. Wanda Stępień-Rudzka].
246 1 _iTyt. oryg.:
_aMathematical theory of optics,
_f1964.
260 _aWarszawa :
_bWydaw. Naukowe PWN,
_c1993.
300 _a400, [2] s. :
_b1 portr., rys., wykr. ;
_c24 cm.
380 _aKsiążki.
504 _aBibliogr. s. 371, bibliogr. publikacji R. K. Luneburga s. 8-9. - Indeks.
658 _aFizyka i astronomia
658 _aMatematyka
655 4 _aPodręczniki akademickie
650 4 _aOptyka
700 1 _aWolf, Emil.
_ePrzedmowa
700 1 _aHerzberger, Max
_d(1899- ).
_ePrzedmowa
700 1 _aStępień-Rudzka, Wanda.
_eTłumaczenie
710 2 _aWydawnictwo Naukowe PWN
_4pbl.
856 _uhttp://koha.tu.koszalin.pl/cgi-bin/koha/opac-detail.pl?biblionumber=5527
_yKatalog online BPK
942 _2UKD
_cKS
999 _c5527
_d5527